[Event "World Youth & Cadets Rapid Championships"]
[Site "Rhodes, Greece"]
[Date "2022.05.01"]
[Round "4.35"]
[White "Morkunaite, Adrijana"]
[Black "Aydin, Gulenay"]
[Result "0-1"]
[TimeControl "10'/game & 5\"/move"]
[WhiteElo "1338"]
[BlackElo "2143"]

1. e4 {[%clk 00:10:09]} c6 {[%clk 00:10:02]} {[%emt 00:00:09]} 2. d4 {[%clk
00:10:11]} {[%emt 00:00:03]} d5 {[%clk 00:10:06]} {[%emt 00:00:01]} 3. exd5
{[%clk 00:10:14]} {[%emt 00:00:01]} cxd5 {[%clk 00:10:09]} {[%emt 00:00:02]} 4.
Bd3 {[%clk 00:10:17]} {[%emt 00:00:02]} Nc6 {[%clk 00:10:11]} {[%emt 00:00:04]}
5. c3 {[%clk 00:10:21]} Nf6 {[%clk 00:10:10]} {[%emt 00:00:05]} 6. h3 {[%clk
00:10:24]} {[%emt 00:00:02]} g6 {[%clk 00:10:13]} {[%emt 00:00:02]} 7. Bf4
{[%clk 00:10:27]} {[%emt 00:00:02]} Bf5 {[%clk 00:10:02]} {[%emt 00:00:15]} 8.
Nf3 {[%clk 00:09:40]} {[%emt 00:00:53]} Bxd3 {[%clk 00:09:26]} {[%emt
00:00:42]} 9. Qxd3 {[%clk 00:09:43]} {[%emt 00:00:01]} Bg7 {[%clk 00:09:19]}
{[%emt 00:00:12]} 10. Nbd2 {[%clk 00:09:46]} {[%emt 00:00:02]} O-O {[%clk
00:09:22]} {[%emt 00:00:02]} 11. O-O {[%clk 00:09:49]} {[%emt 00:00:02]} a6
{[%clk 00:08:54]} {[%emt 00:00:33]} 12. Rfe1 {[%clk 00:09:51]} {[%emt
00:00:03]} Rc8 {[%clk 00:08:56]} {[%emt 00:00:04]} 13. Nb3 {[%clk 00:09:25]}
{[%emt 00:00:31]} Nd7 {[%clk 00:08:36]} {[%emt 00:00:25]} 14. Qd2 {[%clk
00:09:24]} {[%emt 00:00:06]} Re8 {[%clk 00:08:32]} {[%emt 00:00:09]} 15. Bh6
{[%clk 00:08:56]} {[%emt 00:00:32]} Na5 {[%clk 00:07:56]} {[%emt 00:00:41]} 16.
Bf4 {[%clk 00:08:38]} {[%emt 00:00:23]} Nxb3 {[%clk 00:07:34]} {[%emt
00:00:28]} 17. axb3 {[%clk 00:08:39]} {[%emt 00:00:04]} Qb6 {[%clk 00:07:38]}
{[%emt 00:00:01]} 18. b4 {[%clk 00:08:35]} {[%emt 00:00:09]} Rcd8 {[%clk
00:06:44]} {[%emt 00:00:59]} 19. Ra5 {[%clk 00:08:09]} {[%emt 00:00:30]} Nf6
{[%clk 00:06:23]} {[%emt 00:00:27]} 20. Rc5 {[%clk 00:08:00]} {[%emt 00:00:14]}
Ne4 {[%clk 00:05:34]} {[%emt 00:00:54]} 21. Bc7 {[%clk 00:07:55]} {[%emt
00:00:09]} Qxc5 {[%clk 00:04:38]} {[%emt 00:01:01]} 22. bxc5 {[%clk 00:06:47]}
{[%emt 00:01:13]} Nxd2 {[%clk 00:04:42]} {[%emt 00:00:02]} 23. Bxd8 {[%clk
00:06:50]} {[%emt 00:00:02]} Nxf3+ {[%clk 00:04:44]} {[%emt 00:00:02]} 24. gxf3
{[%clk 00:06:53]} {[%emt 00:00:02]} Rxd8 {[%clk 00:04:47]} {[%emt 00:00:02]} 25.
Rxe7 {[%clk 00:06:56]} {[%emt 00:00:02]} Rb8 {[%clk 00:04:07]} {[%emt
00:00:45]} 26. Rd7 {[%clk 00:06:42]} {[%emt 00:00:19]} Bh6 {[%clk 00:03:45]}
{[%emt 00:00:27]} 27. Rxd5 {[%clk 00:06:26]} {[%emt 00:00:21]} b6 {[%clk
00:03:13]} {[%emt 00:00:38]} 28. c6 {[%clk 00:06:02]} {[%emt 00:00:28]} Rc8
{[%clk 00:03:11]} {[%emt 00:00:07]} 29. Rd6 {[%clk 00:06:06]} {[%emt 00:00:02]}
Bf8 {[%clk 00:03:12]} {[%emt 00:00:04]} 30. Rd7 {[%clk 00:04:47]} {[%emt
00:01:24]} Rxc6 {[%clk 00:03:15]} {[%emt 00:00:02]} 31. d5 {[%clk 00:04:38]}
{[%emt 00:00:14]} Rd6 {[%clk 00:03:04]} {[%emt 00:00:16]} 32. Rxd6 {[%clk
00:04:40]} {[%emt 00:00:03]} Bxd6 {[%clk 00:03:08]} {[%emt 00:00:01]} 33. Kf1
{[%clk 00:04:42]} {[%emt 00:00:02]} Kg7 {[%clk 00:03:08]} {[%emt 00:00:06]} 34.
Ke2 {[%clk 00:04:46]} {[%emt 00:00:01]} Kf6 {[%clk 00:03:11]} {[%emt 00:00:01]}
35. Ke3 {[%clk 00:04:48]} {[%emt 00:00:03]} Ke5 {[%clk 00:03:07]} {[%emt
00:00:10]} 36. c4 {[%clk 00:04:27]} {[%emt 00:00:26]} Bc5+ {[%clk 00:03:10]}
{[%emt 00:00:02]} 37. Kd3 {[%clk 00:04:23]} {[%emt 00:00:08]} Kf4 {[%clk
00:02:57]} {[%emt 00:00:18]} 38. Ke2 {[%clk 00:04:13]} {[%emt 00:00:15]} a5
{[%clk 00:03:00]} {[%emt 00:00:03]} 39. b3 {[%clk 00:04:13]} {[%emt 00:00:05]}
g5 {[%clk 00:02:59]} {[%emt 00:00:06]} 40. Kd2 {[%clk 00:03:39]} {[%emt
00:00:39]} Kxf3 {[%clk 00:02:53]} {[%emt 00:00:10]} 41. Kd3 {[%clk 00:03:43]}
f5 {[%clk 00:02:53]} {[%emt 00:00:06]} 42. Kd2 {[%clk 00:03:22]} {[%emt
00:00:26]} Kxf2 {[%clk 00:02:53]} {[%emt 00:00:05]} 43. Kd3 {[%clk 00:03:24]}
{[%emt 00:00:04]} g4 {[%clk 00:02:48]} {[%emt 00:00:10]} 44. hxg4 {[%clk
00:03:25]} {[%emt 00:00:03]} fxg4 {[%clk 00:02:52]} {[%emt 00:00:03]} 45. Ke4
{[%clk 00:03:25]} {[%emt 00:00:03]} g3 {[%clk 00:02:55]} {[%emt 00:00:02]} 46.
Ke5 {[%clk 00:03:25]} {[%emt 00:00:05]} g2 {[%clk 00:02:59]} {[%emt 00:00:02]}
47. Ke6 {[%clk 00:03:24]} {[%emt 00:00:06]} g1=Q {[%clk 00:02:59]} {[%emt
00:00:04]} 48. Kd7 {[%clk 00:03:26]} {[%emt 00:00:03]} Qg4+ {[%clk 00:02:54]}
{[%emt 00:00:09]} 49. Kc6 {[%clk 00:03:29]} {[%emt 00:00:03]} Qc8+ {[%clk
00:02:57]} {[%emt 00:00:02]} 50. Kb5 {[%clk 00:03:32]} {[%emt 00:00:02]} Qb7
{[%clk 00:02:47]} {[%emt 00:00:15]} 51. d6 {[%clk 00:03:20]} {[%emt 00:00:17]}
Bxd6 {[%clk 00:02:50]} {[%emt 00:00:03]} 52. b4 {[%clk 00:03:17]} {[%emt
00:00:08]} axb4 {[%clk 00:02:49]} {[%emt 00:00:05]} 53. c5 {[%clk 00:03:20]}
{[%emt 00:00:02]} bxc5+ {[%clk 00:02:48]} {[%emt 00:00:06]} 54. Ka4 {[%clk
00:03:22]} {[%emt 00:00:04]} b3 {[%clk 00:02:51]} {[%emt 00:00:02]} 55. Ka5
{[%clk 00:03:21]} {[%emt 00:00:07]} Bc7+ {[%clk 00:02:53]} {[%emt 00:00:02]} 56.
Ka4 {[%clk 00:03:24]} {[%emt 00:00:02]} Qb4# {[%clk 00:02:56]} 0-1

[Event "World Youth & Cadets Rapid Championships"]
[Site "Rhodes, Greece"]
[Date "2022.05.01"]
[Round "4.36"]
[White "Sala, Giulia"]
[Black "Blokhin, Sofia"]
[Result "0-1"]
[TimeControl "10'/game & 5\"/move"]
[WhiteElo "1889"]
[BlackElo "1903"]

1. e4 {[%clk 00:10:08]} {[%emt 00:00:02]} c5 {[%clk 00:10:09]} {[%emt
00:00:02]} 2. Nf3 {[%clk 00:10:12]} {[%emt 00:00:01]} e6 {[%clk 00:10:13]}
{[%emt 00:00:01]} 3. d4 {[%clk 00:10:16]} {[%emt 00:00:01]} cxd4 {[%clk
00:10:15]} {[%emt 00:00:01]} 4. Nxd4 {[%clk 00:10:20]} {[%emt 00:00:02]} a6
{[%clk 00:10:19]} {[%emt 00:00:01]} 5. Nc3 {[%clk 00:10:17]} {[%emt 00:00:07]}
Qc7 {[%clk 00:10:20]} {[%emt 00:00:04]} 6. Bd3 {[%clk 00:10:19]} {[%emt
00:00:03]} Nf6 {[%clk 00:10:18]} {[%emt 00:00:08]} 7. O-O {[%clk 00:10:20]}
{[%emt 00:00:04]} Nc6 {[%clk 00:10:18]} {[%emt 00:00:05]} 8. Nb3 {[%clk
00:09:37]} {[%emt 00:00:48]} Be7 {[%clk 00:09:49]} {[%emt 00:00:34]} 9. Kh1
{[%clk 00:09:39]} {[%emt 00:00:02]} d6 {[%clk 00:09:22]} {[%emt 00:00:33]} 10.
Be3 {[%clk 00:09:31]} {[%emt 00:00:13]} b5 {[%clk 00:08:58]} {[%emt 00:00:29]}
11. f4 {[%clk 00:09:19]} {[%emt 00:00:17]} Bb7 {[%clk 00:08:11]} {[%emt
00:00:52]} 12. Qf3 {[%clk 00:09:20]} {[%emt 00:00:04]} Nb4 {[%clk 00:07:22]}
{[%emt 00:00:54]} 13. Rac1 {[%clk 00:08:38]} {[%emt 00:00:47]} d5 {[%clk
00:06:34]} {[%emt 00:00:54]} 14. a3 {[%clk 00:07:47]} {[%emt 00:00:56]} dxe4
{[%clk 00:05:27]} {[%emt 00:01:11]} 15. Nxe4 {[%clk 00:06:10]} {[%emt
00:01:41]} Nbd5 {[%clk 00:04:35]} {[%emt 00:00:58]} 16. c4 {[%clk 00:05:45]}
{[%emt 00:00:30]} bxc4 {[%clk 00:04:22]} {[%emt 00:00:18]} 17. Rxc4 {[%clk
00:05:19]} {[%emt 00:00:31]} Qd8 {[%clk 00:04:09]} {[%emt 00:00:18]} 18. Bc5
{[%clk 00:04:42]} {[%emt 00:00:42]} Rb8 {[%clk 00:02:55]} {[%emt 00:01:19]} 19.
Qg3 {[%clk 00:02:35]} {[%emt 00:02:13]} Ba8 {[%clk 00:02:30]} {[%emt 00:00:30]}
20. Bxe7 {[%clk 00:01:56]} {[%emt 00:00:43]} Qxe7 {[%clk 00:02:22]} {[%emt
00:00:13]} 21. Nec5 {[%clk 00:01:18]} {[%emt 00:00:43]} Nb6 {[%clk 00:02:01]}
{[%emt 00:00:27]} 22. Rc2 {[%clk 00:01:10]} {[%emt 00:00:09]} h5 {[%clk
00:02:03]} {[%emt 00:00:07]} 23. Nxa6 {[%clk 00:00:56]} {[%emt 00:00:19]} h4
{[%clk 00:01:59]} {[%emt 00:00:08]} 24. Qh3 {[%clk 00:00:39]} {[%emt 00:00:23]}
Rd8 {[%clk 00:01:48]} {[%emt 00:00:16]} 25. Nc7+ {[%clk 00:00:41]} {[%emt
00:00:02]} Kf8 {[%clk 00:01:51]} {[%emt 00:00:02]} 26. Nc5 {[%clk 00:00:36]}
{[%emt 00:00:10]} Bd5 {[%clk 00:01:35]} {[%emt 00:00:20]} 27. f5 {[%clk
00:00:21]} {[%emt 00:00:21]} e5 {[%clk 00:01:19]} {[%emt 00:00:21]} 28. Nxd5
{[%clk 00:00:14]} {[%emt 00:00:12]} Nbxd5 {[%clk 00:01:22]} {[%emt 00:00:02]}
29. Qe3 {[%clk 00:00:11]} {[%emt 00:00:07]} Nf4 {[%clk 00:01:16]} {[%emt
00:00:12]} 30. Be4 {[%clk 00:00:15]} {[%emt 00:00:02]} Ng4 {[%clk 00:01:10]}
{[%emt 00:00:10]} 31. Qb3 {[%clk 00:00:11]} {[%emt 00:00:09]} Qd6 {[%clk
00:00:52]} {[%emt 00:00:24]} 32. h3 {[%clk 00:00:08]} {[%emt 00:00:08]} Nf6
{[%clk 00:00:47]} {[%emt 00:00:10]} 33. Nb7 {[%clk 00:00:12]} Qb8 {[%clk
00:00:21]} {[%emt 00:00:30]} 34. Qb4+ {[%clk 00:00:15]} {[%emt 00:00:03]} Kg8
{[%clk 00:00:22]} {[%emt 00:00:04]} 35. Nxd8 {[%clk 00:00:19]} Qxd8 {[%clk
00:00:19]} {[%emt 00:00:09]} 36. Rd2 {[%clk 00:00:24]} Qc7 {[%clk 00:00:16]}
{[%emt 00:00:08]} 37. Rfd1 {[%clk 00:00:27]} {[%emt 00:00:01]} Kh7 {[%clk
00:00:17]} {[%emt 00:00:05]} 38. Qd6 {[%clk 00:00:29]} {[%emt 00:00:01]} Qxd6
{[%clk 00:00:21]} {[%emt 00:00:03]} 39. Rxd6 {[%clk 00:00:30]} {[%emt
00:00:04]} Nxe4 {[%clk 00:00:24]} {[%emt 00:00:01]} 40. R6d2 {[%emt 00:00:11]}
Nxd2 {[%clk 00:00:26]} {[%emt 00:00:02]} 41. Rxd2 {[%clk 00:00:30]} Rb8 {[%clk
00:00:21]} {[%emt 00:00:10]} 42. Kg1 {[%clk 00:00:33]} {[%emt 00:00:02]} Kh6
{[%clk 00:00:23]} {[%emt 00:00:04]} 43. Kf2 {[%clk 00:00:15]} {[%emt 00:00:23]}
Rxb2 {[%clk 00:00:23]} {[%emt 00:00:05]} 44. Rxb2 {[%clk 00:00:16]} {[%emt
00:00:03]} Nd3+ {[%clk 00:00:27]} {[%emt 00:00:02]} 45. Ke3 {[%clk 00:00:20]}
Nxb2 {[%clk 00:00:30]} {[%emt 00:00:02]} 46. Ke4 {[%clk 00:00:24]} {[%emt
00:00:01]} f6 {[%clk 00:00:32]} {[%emt 00:00:04]} 47. Kf3 {[%clk 00:00:28]} Kg5
{[%clk 00:00:34]} {[%emt 00:00:03]} 48. Ke3 {[%clk 00:00:29]} {[%emt 00:00:05]}
Kxf5 {[%clk 00:00:37]} {[%emt 00:00:02]} 0-1

[Event "World Youth & Cadets Rapid Championships"]
[Site "Rhodes, Greece"]
[Date "2022.05.01"]
[Round "4.37"]
[White "Karas, Eugenia"]
[Black "Gaszka, Zuzanna"]
[Result "1/2-1/2"]
[TimeControl "10'/game & 5\"/move"]
[WhiteElo "1578"]
[BlackElo "1465"]

1. d4 {[%clk 00:10:07]} {[%emt 00:00:03]} Nf6 {[%clk 00:10:09]} {[%emt
00:00:02]} 2. c4 {[%clk 00:10:11]} {[%emt 00:00:01]} g6 {[%clk 00:10:13]}
{[%emt 00:00:01]} 3. Nf3 {[%clk 00:10:14]} {[%emt 00:00:01]} Bg7 {[%clk
00:10:17]} {[%emt 00:00:01]} 4. g3 {[%clk 00:10:18]} {[%emt 00:00:02]} O-O
{[%clk 00:10:17]} {[%emt 00:00:04]} 5. Bg2 {[%clk 00:10:21]} d6 {[%clk
00:10:15]} {[%emt 00:00:09]} 6. O-O {[%clk 00:10:24]} {[%emt 00:00:02]} Nc6
{[%clk 00:09:57]} {[%emt 00:00:22]} 7. Nc3 {[%clk 00:10:21]} {[%emt 00:00:08]}
Bf5 {[%clk 00:09:55]} {[%emt 00:00:08]} 8. Re1 {[%clk 00:09:40]} {[%emt
00:00:45]} Ne4 {[%clk 00:09:24]} {[%emt 00:00:35]} 9. Nxe4 {[%clk 00:09:41]}
{[%emt 00:00:05]} Bxe4 {[%clk 00:09:27]} {[%emt 00:00:02]} 10. e3 {[%clk
00:09:39]} {[%emt 00:00:07]} Qd7 {[%clk 00:08:26]} {[%emt 00:01:06]} 11. Bd2
{[%clk 00:09:01]} {[%emt 00:00:43]} Rad8 {[%clk 00:08:15]} {[%emt 00:00:16]} 12.
Bc3 {[%clk 00:08:58]} {[%emt 00:00:08]} d5 {[%clk 00:07:23]} {[%emt 00:00:57]}
13. b3 {[%clk 00:07:20]} {[%emt 00:01:43]} e6 {[%clk 00:06:19]} {[%emt
00:01:09]} 14. Qd2 {[%clk 00:06:12]} {[%emt 00:01:12]} Rfe8 {[%clk 00:05:38]}
{[%emt 00:00:48]} 15. Rad1 {[%clk 00:05:47]} {[%emt 00:00:29]} Qe7 {[%clk
00:05:30]} {[%emt 00:00:13]} 16. Nh4 {[%clk 00:05:28]} {[%emt 00:00:24]} Bxg2
{[%clk 00:05:19]} {[%emt 00:00:15]} 17. Kxg2 {[%clk 00:05:27]} {[%emt
00:00:07]} Qd7 {[%clk 00:04:02]} {[%emt 00:01:23]} 18. Nf3 {[%clk 00:05:25]}
{[%emt 00:00:06]} h6 {[%clk 00:03:56]} {[%emt 00:00:11]} 19. Qc2 {[%clk
00:04:57]} {[%emt 00:00:33]} Ne7 {[%clk 00:03:44]} {[%emt 00:00:18]} 20. e4
{[%clk 00:04:34]} {[%emt 00:00:28]} dxc4 {[%clk 00:03:42]} {[%emt 00:00:06]} 21.
bxc4 {[%clk 00:04:37]} {[%emt 00:00:03]} Qc6 {[%clk 00:03:13]} {[%emt
00:00:34]} 22. Qd3 {[%clk 00:04:13]} {[%emt 00:00:28]} g5 {[%clk 00:02:17]}
{[%emt 00:01:01]} 23. d5 {[%clk 00:03:06]} {[%emt 00:01:12]} exd5 {[%clk
00:02:14]} {[%emt 00:00:09]} 24. exd5 {[%clk 00:03:07]} {[%emt 00:00:04]} Qg6
{[%clk 00:01:58]} {[%emt 00:00:21]} 25. Qxg6 {[%clk 00:02:57]} {[%emt
00:00:14]} Nxg6 {[%clk 00:02:00]} {[%emt 00:00:03]} 26. Bxg7 {[%clk 00:02:59]}
{[%emt 00:00:03]} Kxg7 {[%clk 00:02:03]} {[%emt 00:00:02]} 27. Nd4 {[%clk
00:02:24]} {[%emt 00:00:40]} Ne5 {[%clk 00:01:41]} {[%emt 00:00:28]} 28. Nf5+
{[%clk 00:02:10]} {[%emt 00:00:18]} Kg6 {[%clk 00:01:32]} {[%emt 00:00:14]} 29.
Ne3 {[%clk 00:02:09]} {[%emt 00:00:06]} f5 {[%clk 00:01:20]} {[%emt 00:00:17]}
30. f4 {[%clk 00:01:51]} {[%emt 00:00:23]} gxf4 {[%clk 00:01:07]} {[%emt
00:00:18]} 31. gxf4 {[%clk 00:01:55]} {[%emt 00:00:02]} Nf7 {[%clk 00:00:37]}
{[%emt 00:00:34]} 32. Nc2 {[%clk 00:01:24]} {[%emt 00:00:37]} Nd6 {[%clk
00:00:27]} {[%emt 00:00:14]} 33. Rd4 {[%clk 00:00:54]} {[%emt 00:00:35]} Rxe1
{[%clk 00:00:24]} {[%emt 00:00:08]} 34. Nxe1 {[%clk 00:00:58]} {[%emt
00:00:02]} Re8 {[%clk 00:00:25]} {[%emt 00:00:04]} 35. Kf1 {[%clk 00:00:38]}
{[%emt 00:00:24]} Re4 {[%clk 00:00:22]} {[%emt 00:00:08]} 36. Rxe4 {[%clk
00:00:42]} {[%emt 00:00:02]} Nxe4 {[%emt 00:00:11]} 37. Nf3 {[%clk 00:00:36]}
{[%emt 00:00:07]} Kf6 {[%clk 00:00:16]} {[%emt 00:00:08]} 38. a3 {[%clk
00:00:31]} {[%emt 00:00:11]} Ke7 {[%clk 00:00:19]} {[%emt 00:00:02]} 39. Ke2
{[%clk 00:00:27]} {[%emt 00:00:08]} Kd6 {[%clk 00:00:19]} {[%emt 00:00:05]} 40.
Nd4 {[%clk 00:00:24]} {[%emt 00:00:09]} Kc5 {[%clk 00:00:21]} {[%emt 00:00:03]}
41. Nxf5 {[%clk 00:00:14]} {[%emt 00:00:14]} Kxc4 {[%clk 00:00:22]} {[%emt
00:00:05]} 42. Nxh6 {[%clk 00:00:16]} {[%emt 00:00:03]} Kxd5 {[%clk 00:00:24]}
{[%emt 00:00:02]} 43. Nf5 {[%clk 00:00:17]} {[%emt 00:00:04]} Ke6 {[%clk
00:00:26]} {[%emt 00:00:03]} 44. Nd4+ {[%clk 00:00:19]} {[%emt 00:00:03]} Kf6
{[%clk 00:00:22]} {[%emt 00:00:08]} 45. Nb5 {[%clk 00:00:20]} {[%emt 00:00:05]}
Kf5 {[%clk 00:00:18]} {[%emt 00:00:09]} 46. Ke3 {[%clk 00:00:18]} {[%emt
00:00:07]} c5 {[%clk 00:00:13]} {[%emt 00:00:09]} 47. Nxa7 {[%clk 00:00:17]}
{[%emt 00:00:08]} Nd6 {[%clk 00:00:15]} {[%emt 00:00:01]} 48. a4 {[%clk
00:00:16]} {[%emt 00:00:07]} c4 {[%clk 00:00:18]} {[%emt 00:00:03]} 49. Nb5
{[%clk 00:00:13]} {[%emt 00:00:08]} Nf7 {[%clk 00:00:11]} {[%emt 00:00:12]} 50.
Nd4+ {[%clk 00:00:14]} {[%emt 00:00:04]} Kg4 {[%clk 00:00:14]} {[%emt
00:00:02]} 51. Nb5 {[%clk 00:00:16]} {[%emt 00:00:03]} Nh6 {[%clk 00:00:16]}
{[%emt 00:00:03]} 52. Kd4 {[%clk 00:00:16]} {[%emt 00:00:05]} Kxf4 {[%clk
00:00:19]} {[%emt 00:00:01]} 53. Kxc4 {[%clk 00:00:20]} {[%emt 00:00:02]} Ng4
{[%clk 00:00:21]} {[%emt 00:00:02]} 54. Nd6 {[%clk 00:00:21]} {[%emt 00:00:04]}
b6 {[%clk 00:00:25]} {[%emt 00:00:02]} 55. Nc8 {[%clk 00:00:24]} {[%emt
00:00:01]} Ne5+ {[%clk 00:00:28]} {[%emt 00:00:02]} 56. Kd5 {[%emt 00:00:07]}
Nd7 {[%clk 00:00:31]} 57. Kc6 {[%clk 00:00:26]} {[%emt 00:00:03]} Nc5 {[%clk
00:00:35]} {[%emt 00:00:02]} 58. Nxb6 {[%clk 00:00:17]} {[%emt 00:00:14]} Nxa4
{[%clk 00:00:38]} {[%emt 00:00:01]} 59. Nxa4 {[%clk 00:00:19]} {[%emt
00:00:03]} Kg4 {[%clk 00:00:42]} {[%emt 00:00:01]} 60. Nc3 {[%clk 00:00:19]}
{[%emt 00:00:05]} Kh3 {[%clk 00:00:46]} {[%emt 00:00:01]} 61. Ne4 {[%clk
00:00:23]} {[%emt 00:00:02]} Kxh2 {[%clk 00:00:49]} {[%emt 00:00:02]} 62. Kd5
{[%emt 00:00:09]} 1/2-1/2

[Event "World Youth & Cadets Rapid Championships"]
[Site "Rhodes, Greece"]
[Date "2022.05.01"]
[Round "4.38"]
[White "Kawa, Anna"]
[Black "Bendik, Margarita"]
[Result "0-1"]
[TimeControl "10'/game & 5\"/move"]
[WhiteElo "1466"]
[BlackElo "1420"]

1. e4 {[%clk 00:10:09]} d5 {[%clk 00:10:09]} {[%emt 00:00:02]} 2. exd5 {[%clk
00:10:12]} {[%emt 00:00:02]} Qxd5 {[%clk 00:10:13]} {[%emt 00:00:01]} 3. Nf3
{[%clk 00:10:15]} {[%emt 00:00:02]} Bg4 {[%clk 00:10:15]} {[%emt 00:00:03]} 4.
Be2 {[%clk 00:10:17]} {[%emt 00:00:02]} Nc6 {[%clk 00:10:18]} {[%emt 00:00:02]}
5. Nc3 {[%clk 00:10:18]} {[%emt 00:00:04]} Qd7 {[%clk 00:10:01]} {[%emt
00:00:22]} 6. d3 {[%clk 00:09:35]} {[%emt 00:00:48]} e5 {[%clk 00:10:00]}
{[%emt 00:00:06]} 7. Be3 {[%clk 00:09:35]} {[%emt 00:00:03]} O-O-O {[%clk
00:10:03]} {[%emt 00:00:04]} 8. h3 {[%clk 00:09:36]} {[%emt 00:00:04]} Be6
{[%clk 00:10:04]} {[%emt 00:00:04]} 9. Qd2 {[%clk 00:09:00]} {[%emt 00:00:40]}
Bb4 {[%clk 00:10:07]} {[%emt 00:00:03]} 10. a3 {[%clk 00:08:57]} {[%emt
00:00:08]} Ba5 {[%clk 00:10:05]} {[%emt 00:00:07]} 11. b4 {[%clk 00:07:43]}
{[%emt 00:01:19]} Bb6 {[%clk 00:10:09]} {[%emt 00:00:02]} 12. O-O {[%clk
00:07:38]} {[%emt 00:00:09]} f6 {[%clk 00:10:00]} {[%emt 00:00:14]} 13. Ne4
{[%clk 00:07:18]} {[%emt 00:00:24]} h5 {[%clk 00:08:50]} {[%emt 00:01:16]} 14.
c4 {[%clk 00:06:44]} {[%emt 00:00:39]} Bd4 {[%clk 00:08:46]} {[%emt 00:00:09]}
15. Bxd4 {[%clk 00:06:31]} {[%emt 00:00:18]} Nxd4 {[%clk 00:08:48]} {[%emt
00:00:04]} 16. Nc5 {[%clk 00:05:36]} {[%emt 00:01:00]} Qe7 {[%clk 00:08:18]}
{[%emt 00:00:34]} 17. Nxd4 {[%clk 00:05:29]} {[%emt 00:00:12]} Rxd4 {[%clk
00:08:15]} {[%emt 00:00:09]} 18. Bf3 {[%clk 00:03:07]} {[%emt 00:02:26]} c6
{[%clk 00:06:22]} {[%emt 00:01:59]} 19. Nxe6 {[%clk 00:02:30]} {[%emt
00:00:41]} Qxe6 {[%clk 00:06:26]} 20. Qc3 {[%clk 00:02:08]} {[%emt 00:00:28]}
g5 {[%clk 00:05:29]} {[%emt 00:01:02]} 21. Rfe1 {[%clk 00:01:14]} {[%emt
00:00:59]} Qd6 {[%clk 00:05:28]} {[%emt 00:00:05]} 22. Be4 {[%clk 00:01:14]}
{[%emt 00:00:05]} Ne7 {[%clk 00:05:25]} {[%emt 00:00:08]} 23. c5 {[%clk
00:01:07]} {[%emt 00:00:13]} Qd7 {[%clk 00:05:29]} {[%emt 00:00:01]} 24. g3
{[%clk 00:00:42]} {[%emt 00:00:29]} Qxh3 {[%clk 00:05:04]} {[%emt 00:00:30]} 25.
Bg2 {[%clk 00:00:47]} Qd7 {[%clk 00:05:00]} {[%emt 00:00:09]} 26. Rad1 {[%clk
00:00:48]} {[%emt 00:00:04]} h4 {[%clk 00:05:02]} {[%emt 00:00:03]} 27. Qd2
{[%clk 00:00:35]} {[%emt 00:00:18]} hxg3 {[%clk 00:03:53]} {[%emt 00:01:15]} 28.
fxg3 {[%clk 00:00:39]} Nf5 {[%clk 00:03:56]} {[%emt 00:00:01]} 29. Qf2 {[%clk
00:00:25]} {[%emt 00:00:16]} Rxd3 {[%clk 00:03:25]} {[%emt 00:00:38]} 30. Rxd3
{[%clk 00:00:10]} {[%emt 00:00:22]} Qxd3 {[%clk 00:03:29]} 31. Be4 {[%clk
00:00:09]} {[%emt 00:00:06]} Qxg3+ {[%clk 00:03:30]} {[%emt 00:00:04]} 32. Qxg3
{[%clk 00:00:11]} {[%emt 00:00:03]} Nxg3 {[%clk 00:03:34]} 33. Bg2 {[%clk
00:00:14]} {[%emt 00:00:02]} Kd7 {[%clk 00:03:35]} {[%emt 00:00:04]} 34. Kf2
{[%clk 00:00:18]} {[%emt 00:00:01]} Nf5 {[%clk 00:03:35]} {[%emt 00:00:05]} 35.
Rd1+ {[%clk 00:00:20]} {[%emt 00:00:03]} Nd4 {[%clk 00:03:38]} {[%emt
00:00:02]} 36. Ke3 {[%clk 00:00:10]} {[%emt 00:00:15]} Ke6 {[%clk 00:03:39]}
{[%emt 00:00:05]} 37. Rd2 {[%clk 00:00:07]} {[%emt 00:00:07]} Rd8 {[%clk
00:03:35]} {[%emt 00:00:09]} 38. Kf2 {[%clk 00:00:08]} {[%emt 00:00:04]} Rh8
{[%clk 00:03:31]} {[%emt 00:00:09]} 39. Kg3 {[%clk 00:00:08]} {[%emt 00:00:05]}
f5 {[%clk 00:03:26]} {[%emt 00:00:10]} 40. Kf2 {[%clk 00:00:11]} {[%emt
00:00:01]} g4 {[%clk 00:03:23]} {[%emt 00:00:09]} 41. a4 {[%clk 00:00:15]}
{[%emt 00:00:01]} f4 {[%clk 00:03:22]} {[%emt 00:00:06]} 42. b5 {[%clk
00:00:17]} {[%emt 00:00:03]} Rh2 {[%clk 00:03:16]} {[%emt 00:00:10]} 43. Kg1
{[%clk 00:00:19]} {[%emt 00:00:02]} Nf3+ {[%clk 00:03:16]} {[%emt 00:00:06]} 44.
Bxf3 {[%clk 00:00:14]} {[%emt 00:00:11]} Rxd2 {[%clk 00:03:20]} 45. Bxg4+
{[%clk 00:00:18]} Kd5 {[%clk 00:03:20]} {[%emt 00:00:04]} 46. bxc6 {[%clk
00:00:19]} {[%emt 00:00:05]} bxc6 {[%clk 00:03:24]} {[%emt 00:00:01]} 47. Kf1
{[%clk 00:00:19]} {[%emt 00:00:06]} Kxc5 {[%clk 00:03:28]} {[%emt 00:00:01]} 48.
Ke1 {[%clk 00:00:23]} {[%emt 00:00:01]} Ra2 {[%clk 00:03:31]} {[%emt 00:00:02]}
49. Bd1 {[%clk 00:00:26]} {[%emt 00:00:01]} e4 {[%clk 00:03:32]} {[%emt
00:00:04]} 50. Kf1 {[%clk 00:00:30]} {[%emt 00:00:01]} e3 {[%clk 00:03:35]}
{[%emt 00:00:02]} 51. Ke1 {[%clk 00:00:35]} f3 {[%clk 00:03:39]} {[%emt
00:00:02]} 52. Bxf3 {[%clk 00:00:36]} {[%emt 00:00:03]} Rxa4 {[%clk 00:03:43]}
{[%emt 00:00:02]} 53. Ke2 {[%clk 00:00:40]} Kd4 {[%clk 00:03:44]} {[%emt
00:00:04]} 54. Bxc6 {[%clk 00:00:43]} {[%emt 00:00:02]} Ra2+ {[%clk 00:03:45]}
{[%emt 00:00:04]} 55. Ke1 {[%clk 00:00:44]} {[%emt 00:00:04]} a5 {[%clk
00:03:29]} {[%emt 00:00:21]} 56. Bb5 {[%clk 00:00:42]} {[%emt 00:00:07]} a4
{[%clk 00:03:32]} {[%emt 00:00:02]} 57. Ba6 {[%clk 00:00:40]} {[%emt 00:00:07]}
a3 {[%clk 00:03:36]} {[%emt 00:00:01]} 58. Bb5 {[%clk 00:00:40]} {[%emt
00:00:04]} Rh2 {[%clk 00:03:39]} {[%emt 00:00:03]} 59. Bc6 {[%clk 00:00:39]}
{[%emt 00:00:07]} a2 {[%clk 00:03:41]} {[%emt 00:00:02]} 60. Kf1 {[%clk
00:00:40]} {[%emt 00:00:04]} a1=R# {[%clk 00:03:42]} {[%emt 00:00:04]} 0-1